000
00297nam a22001217a 4500
082
_a
664.001
_b
BAN/BA
100
_a
Banwart,George J.
_9
588
245
_a
Basic Food Microbiology
250
_a
2 nd
260
_a
New Delhi
_b
CBS Publishers & Distributors Pvt.Ltd
_c
2004
300
_a
773
942
_c
BK
999
_c
14372
_d
14372